| 000 | 03069nam a22003737a 4500 | ||
|---|---|---|---|
| 005 | 20080919151819.0 | ||
| 020 |
_a9788176559485 _c295.00 |
||
| 020 |
_a8176559482 _c295.00 |
||
| 035 | _aB-285489 | ||
| 035 | _aB-282213-224 | ||
| 037 |
_aScholastic/TR-A-00265HQ/2.9.08 _bScholastic/TR-A-00265HQ/2.9.0/213/21.7.08/11.9.08 |
||
| 082 | _aN | ||
| 100 |
_aMolloy, Michael _926018 |
||
| 245 |
_aPeter Raven under fire/ _cby Michael Molloy |
||
| 260 |
_aNew Delhi _bScholastic India _c2007(repr.) |
||
| 270 |
_a550 A, Pace City II, Sector 37, Gurgaon-122004 _bHaryana _e122004 |
||
| 300 |
_a502p. _c23cm(pbk) |
||
| 942 |
_2ddc _cCH _mMOL _hN |
||
| 999 |
_c15518 _d15518 |
||